000 01336pam a2200373 a 4500
001 1143548
003 OSt
005 20180818175126.0
008 950516s2010 paua bf 001 0 eng c
010 _a 95022305
020 _a9780803618145
020 _a9780803644663
040 _aDNLM/DLC
_cDLC
_dDLC
050 1 0 _aRB46.5
_b.S73 1996
060 1 0 _aQW 540 S844c 1996
082 0 0 _a616.079
_222
_bSCC
100 1 _aStevens, Christine.
_952238
245 1 0 _aClinical immunology and serology :
_ba laboratory perspective /
_cChristine Dorresteyn Stevens.
250 _a3rd ed
260 _aPhiladelphia :
_bF.A. Davis,
_c2010
300 _axxii, 343 p. :
_bill. ;
_c28 cm.
504 _aIncludes bibliographical references and index.
650 0 _aImmunodiagnosis
_xLaboratory manuals.
_952239
650 0 _aSerodiagnosis
_xLaboratory manuals.
_952240
650 0 _aClinical immunology.
_946318
650 1 2 _aImmunity
_xphysiology.
_952241
650 2 2 _aImmunologic Diseases
_xdiagnosis.
_952242
650 2 2 _aSerodiagnosis.
_952243
650 2 2 _aImmunologic Tests.
_918567
650 2 2 _aImmunologic Techniques.
_952244
906 _a7
_bcbc
_corignew
_d1
_eocip
_f19
_gy-gencatlg
942 _2ddc
_cBOOK
999 _c38426
_d272926